00487nam a22001697a 4500020001500000040000900015082001300024100002300037110003800060245001300098250002000111260004100131650001300172942001200185999001900197952010100216 a0471381578 cNUST a515bANT aHoward Anton98931 aIrl Bivens, Stephen Davis9125329 aCalculus aSeventh Edition aNew York:bJohn Wiley & Sons,c2002. 2Calculus 2ddccBK c611432d611432 00102ddc4070aCEMEbCEMEcGENd2024-09-09l0o515 ANTpCEME-36755r2024-09-09w2024-09-09yBK